UM Logo

The United States : (Record no. 19946)

MARC details
000 -LEADER
fixed length control field 00477nam a22001457a 4500
008 - FIXED-LENGTH DATA ELEMENTS--GENERAL INFORMATION
fixed length control field 240402b ||||| |||| 00| 0 eng d
020 ## - INTERNATIONAL STANDARD BOOK NUMBER
International Standard Book Number 0153732059
082 ## - DEWEY DECIMAL CLASSIFICATION NUMBER
Classification number DC 973
Item number Un3 1985
245 ## - TITLE STATEMENT
Title The United States :
Remainder of title its history and neighbors.
260 ## - PUBLICATION, DISTRIBUTION, ETC. (IMPRINT)
Place of publication, distribution, etc. Orlando :
Name of publisher, distributor, etc. Harcourt Brace Jovanovich, Publishers,
Date of publication, distribution, etc. ©1985.
300 ## - PHYSICAL DESCRIPTION
Extent ix, 566 pages :
Other physical details color illustrations ;
Dimensions 26 cm.
500 ## - GENERAL NOTE
General note Includes glossary and index.
650 ## - SUBJECT ADDED ENTRY--TOPICAL TERM
Topical term or geographic name as entry element United States.
9 (RLIN) 55757
942 ## - ADDED ENTRY ELEMENTS (KOHA)
Source of classification or shelving scheme Dewey Decimal Classification
Koha item type Circulation
Holdings
Withdrawn status Lost status Source of classification or shelving scheme Damaged status Not for loan Collection code Home library Current library Date acquired Source of acquisition Total Checkouts Full call number Barcode Date last seen Price effective from Koha item type
    Dewey Decimal Classification     Circulation UM Digos College - LIC UM Digos College - LIC 04/02/2024 Donation   DC 973 Un3 1985 11937 05/15/2025 04/02/2024 Circulation